Třeštící New York. Retroaktivní manifest pro Manhattan : 4. zv.edice Texty o architektuře /

Na minha lista:
Detalhes bibliográficos
Autor principal: Koolhaas, Rem (Author)
Outros Autores: Ogrocký, Jiří (Translator)
Formato: Livro
Idioma:tcheco
Publicado em: Praha : Arbor vitae, 2007
Assuntos:
Tags: Adicionar Tag
Sem tags, seja o primeiro a adicionar uma tag!

MARC

LEADER 00000nam a22000003a 4500
001 stu159023
005 20191204100700.8
008 080303s2007------------------------cze-d
020 |a 978-80-86300-77-1 
040 |a STU  |b slo 
041 0 |a cze 
100 1 |a Koolhaas, Rem  |4 aut 
245 1 |a Třeštící New York. Retroaktivní manifest pro Manhattan :  |b 4. zv.edice Texty o architektuře /  |c aut. Rem Koolhaas ; prekl. Jiří Ogrocký 
260 |a Praha :  |b Arbor vitae,  |c 2007 
300 |a 247 s 
650 7 |a Manhattan  |2 stusub 
650 7 |a architektúra-teória  |2 stusub 
700 1 |a Ogrocký, Jiří  |4 trl 
996 |b 284AU03870  |c A*5785  |l AAKNAR  |s A  |a 24  |w stu159023_0001 
996 |b 284AU03984  |c A*5911 U  |l AAKNAR  |s A  |a 24  |w stu159023_0002 
996 |b 284AU05001  |c A*7721 U  |l AAKNST  |s P  |a 0  |w stu159023_0003